Ký túc xá trường đại học Kinh tế công nghiệp Long An

TM tài liệu tham khảo tr. 242; Khóa luận tốt nghiệp Đại học trường Đại học Thủ Dầu Một, 2011- 2014; Đồ án gồm các phần: Kiến trúc công trình; kết cấu công trình (Tính toán kết cấu sàn tầng điển hình, tính toán bố trí thép khung trục B, tí...

Full beskrivning

Sparad:
Bibliografiska uppgifter
Huvudupphovsman: Đoàn, Thành Phúc
Övriga upphovsmän: Nguyễn, Viết Hùng
Materialtyp: Bok
Språk:Undetermined
Publicerad: Bình Dương, 2015
Ämnen:
Länkar:http://lrc.tdmu.edu.vn/opac/search/detail.asp?aID=2&ID=23732
Taggar: Lägg till en tagg
Inga taggar, Lägg till första taggen!
Thư viện lưu trữ: Trung tâm Học liệu Trường Đại học Thủ Dầu Một
LEADER 01672nam a2200193Ia 4500
001 TDMU_23732
008 210410s9999 xx 000 0 und d
082 |a 690.738 
090 |b Đ406 
100 |a Đoàn, Thành Phúc 
245 0 |a Ký túc xá trường đại học Kinh tế công nghiệp Long An 
245 0 |c Đoàn Thành Phúc; Nguyễn Viết Hùng, Đỗ Thị Ngọc Tam (Hướng dẫn) 
260 |a Bình Dương, 2015 
300 |a 242 tr. 
520 |a TM tài liệu tham khảo tr. 242; Khóa luận tốt nghiệp Đại học trường Đại học Thủ Dầu Một, 2011- 2014; Đồ án gồm các phần: Kiến trúc công trình; kết cấu công trình (Tính toán kết cấu sàn tầng điển hình, tính toán bố trí thép khung trục B, tính toán móng khung ngang trục B); thi công công trình (công tác chuẩn bị, thi công ép cọc, thi công đào đất, thi công bê tông cốt thép phần ngầm, thi công phần thân, tiến độ thi công...); Chuyên ngành: Xây dựng; Đồng ý cho sao chép 100% tài liệu 
650 |a Khóa luận; Trường ĐH Kinh tế công nghiệp  |x Xây dựng  |x Kiến trúc  |z Long An (Việt Nam); Xây dựng  |x Tòa nhà giáo dục  |x Trường ĐH Kinh tế công nghiệp  |x Ký túc xá  |z Long An (Việt Nam) 
700 |a Nguyễn, Viết Hùng 
856 |u http://lrc.tdmu.edu.vn/opac/search/detail.asp?aID=2&ID=23732 
980 |a Trung tâm Học liệu Trường Đại học Thủ Dầu Một